| 000 | | | 03988nmc2a22002651x 450 |
| 001 | | | ec3d6ef3-b062-4afb-b86d-89ce0ed35197 |
| 005 | | | 20131008000303.0 |
| 100 | ## | $a | 20130529l1927 k y0rusy50 ca |
| 101 | 0# | $a | rus |
| | $a | fre |
| 102 | ## | $a | RU |
| 105 | ## | $a | a z ||||| |
| 200 | 1# | $a | Черновые заметки А. Ф. Кони по истории русской литературы |
| | $j | [19--] |
| 215 | ## | $a | 28 листов |
| | $c | табл. |
| 251 | ## | $c | Дело |
| 300 | ## | $a | Рукописный текст, часть текста напечатана типографским способом |
| 300 | ## | $a | Заголовок дела на папке: Черновые заметки Кони А. Ф. по истории русской литературы |
| 300 | ## | $a | Часть текста на французском языке |
| 330 | ## | $a | Документальные материалы, отложившиеся в результате творческой деятельности А. Ф. Кони; Стихотворения и другие литературные произведения А. Ф. Кони; Рецензии, лекции и заметки А. Ф. Кони по литературным вопросам |
| 461 | #0 | $1 | 0013a54f2e3-e9cf-409b-80fa-f0a9bd3c40cb |
| | $1 | 2001 |
| | $a | Кони Анатолий Федорович, юрист, литератор, член академии наук, председатель Санкт-Петербургского окружного суда, член государственного совета |
| | $1 | 251 |
| | $c | Фонд |
| | $1 | 852 |
| | $j | 564 |
| 462 | #0 | $1 | 00178a475cd-a47d-4377-bff3-cee4b81de655 |
| | $1 | 2001 |
| | $a | Опись дел фонда А. Ф. Кони за 1880-1931 гг. |
| | $1 | 251 |
| | $c | Опись |
| | $1 | 852 |
| | $j | 1 |
| 517 | ## | $a | Черновые заметки Кони А. Ф. по истории русской литературы |
| 600 | #1 | $a | Кони |
| | $b | А. Ф. |
| | $f | 1844-1927 |
| | $g | Анатолий Федорович |
| 801 | #0 | $a | RU |
| | $b | GA_RF |
| 801 | #1 | $a | RU |
| | $b | НПО Опыт |
| | $c | 20130529 |
| | $2 | rusmarc |
| 801 | #2 | $a | RU |
| | $b | ПБ им. Б.Н. Ельцина |
| | $c | 20131008 |
| | $g | RCR |
| | $2 | rusmarc |
| 852 | ## | $a | ГА РФ |
| | $j | 148 |
| 937 | ## | $d | 38133057 |
| | $h | ПБ |
| 035 | ## | $a | RuPRLIB51000630 |